| 000 | 00870nam a22002297a 4500 | ||
|---|---|---|---|
| 999 |
_c2592 _d2592 |
||
| 003 | AR-CdUCM | ||
| 008 | 190305b ||||| |||| 00| 0 spa d | ||
| 040 |
_aMUNICIPALIDAD PROVINCIAL DEL CUSCO _cBIBLIOTECA MUNICIPAL DEL CUSCO |
||
| 082 |
_a985.2 / _bL66 |
||
| 110 |
_aConcejo Provincial de Lima _99155 |
||
| 245 |
_aFestival de Lima : _bCuentos / |
||
| 260 |
_aLIma : _bMercagraph, _c1959. |
||
| 300 |
_a166 Páginas _c17 cm. |
||
| 505 | _aContenido: Un litigio Original -- La excomunión de los alcaldes de Lima -- Las cuatro P P P P de Lima -- Juan de la Coba con sus pelos y señales -- El amable milagro de la Valvanera... | ||
| 650 |
_aCuentos escogidos _99156 |
||
| 650 |
_aCuentos limeños _99157 |
||
| 650 |
_aTradición peruana _99158 |
||
| 650 |
_aEscritores peruanos _9979 |
||
| 650 |
_aCuentistas peruanos _99159 |
||
| 942 |
_2ddc _cLIBROS |
||
| 945 | _adavv | ||